[Event "DVM U20 2021"]
[Site "Kiel GER"]
[Date "2022.07.25"]
[Round "5"]
[White "Gallasch, Robin"]
[Black "Skabs, Denis"]
[Result "1/2-1/2"]
[Termination "normal"]
[Board "2.6"]
[WhiteElo "2050"]
[BlackElo "1949"]
[WhiteClock "00:02:20"]
[BlackClock "00:12:52"]
[WhiteTeam "Schachgemeinschaft Porz e. V."]
[BlackTeam "Schachfreunde Brackel 1930 e. V."]
[PlyCount "118"]
[WhiteFideId "16222423"]
[BlackFideId "16248449"]
[EventCountry "GER"]
[EventRounds "7"]
[EventType "team-swiss"]
[EventDate "2022.07.22"]

1. Nf3 {[%clk 01:30:40]} {[%emt 00:00:20]} f5 {[%clk 01:29:34]} {[%emt
00:01:27]} 2. d4 {[%clk 01:28:18]} {[%emt 00:02:52]} e6 {[%clk 01:28:56]}
{[%emt 00:01:07]} 3. c4 {[%clk 01:27:14]} {[%emt 00:01:34]} Nf6 {[%clk
01:28:53]} {[%emt 00:00:33]} 4. g3 {[%clk 01:26:52]} {[%emt 00:00:51]} Be7
{[%clk 01:28:59]} {[%emt 00:00:25]} 5. Bg2 {[%clk 01:27:13]} {[%emt 00:00:09]}
d6 {[%clk 01:29:12]} {[%emt 00:00:17]} 6. O-O {[%clk 01:26:38]} {[%emt
00:01:05]} O-O {[%clk 01:29:30]} {[%emt 00:00:11]} 7. Nc3 {[%clk 01:24:55]}
{[%emt 00:02:13]} Ne4 {[%clk 01:29:53]} {[%emt 00:00:08]} 8. Nxe4 {[%clk
01:14:27]} {[%emt 00:10:58]} fxe4 {[%clk 01:30:17]} {[%emt 00:00:06]} 9. Ne1
{[%clk 01:14:52]} {[%emt 00:00:05]} d5 {[%clk 01:30:11]} {[%emt 00:00:35]} 10.
Be3 {[%clk 01:15:08]} {[%emt 00:00:15]} Nd7 {[%clk 00:56:42]} {[%emt 00:33:58]}
11. Qc2 {[%clk 01:10:23]} {[%emt 00:05:15]} c6 {[%clk 00:33:10]} {[%emt
00:24:02]} 12. Rd1 {[%clk 01:08:41]} {[%emt 00:02:11]} Qe8 {[%clk 00:30:29]}
{[%emt 00:03:12]} 13. Bh1 {[%clk 00:47:49]} {[%emt 00:21:22]} Qh5 {[%clk
00:27:34]} {[%emt 00:03:25]} 14. Ng2 {[%clk 00:34:57]} {[%emt 00:13:23]} g5
{[%clk 00:27:44]} {[%emt 00:00:20]} 15. f4 {[%clk 00:23:58]} {[%emt 00:11:29]}
exf3 {[%clk 00:25:52]} {[%emt 00:02:22]} 16. exf3 {[%clk 00:24:08]} {[%emt
00:00:19]} Rxf3 {[%clk 00:25:38]} {[%emt 00:00:45]} 17. Rxf3 {[%clk 00:24:26]}
{[%emt 00:00:12]} Qxf3 {[%clk 00:26:01]} {[%emt 00:00:06]} 18. Rf1 {[%clk
00:24:28]} {[%emt 00:00:29]} Qh5 {[%clk 00:25:57]} {[%emt 00:00:33]} 19. Ne1
{[%clk 00:16:13]} {[%emt 00:08:45]} Nf8 {[%clk 00:04:54]} {[%emt 00:21:33]} 20.
Qf2 {[%clk 00:11:59]} {[%emt 00:04:44]} Bd7 {[%clk 00:04:29]} {[%emt 00:00:55]}
21. Nd3 {[%clk 00:11:40]} {[%emt 00:00:49]} Qg6 {[%clk 00:01:38]} {[%emt
00:03:21]} 22. Ne5 {[%clk 00:11:51]} {[%emt 00:00:18]} Qg7 {[%clk 00:02:08]}
23. Bf3 {[%clk 00:10:13]} {[%emt 00:02:08]} Be8 {[%clk 00:02:01]} {[%emt
00:00:37]} 24. cxd5 {[%clk 00:04:09]} {[%emt 00:06:34]} cxd5 {[%clk 00:01:25]}
{[%emt 00:01:06]} 25. Qc2 {[%clk 00:03:50]} {[%emt 00:00:49]} Ng6 {[%clk
00:01:15]} {[%emt 00:00:40]} 26. Qc7 {[%clk 00:02:37]} {[%emt 00:01:42]} Bf6
{[%clk 00:01:25]} {[%emt 00:00:20]} 27. Qxg7+ {[%clk 00:01:15]} {[%emt
00:01:53]} Kxg7 {[%clk 00:01:48]} {[%emt 00:00:07]} 28. Ng4 {[%clk 00:01:20]}
{[%emt 00:00:24]} Be7 {[%clk 00:01:58]} {[%emt 00:00:20]} 29. Rc1 {[%clk
00:01:29]} {[%emt 00:00:22]} h5 {[%clk 00:01:44]} {[%emt 00:00:44]} 30. Ne5
{[%clk 00:01:29]} {[%emt 00:00:29]} Nxe5 {[%clk 00:01:05]} {[%emt 00:01:09]}
31. dxe5 {[%clk 00:01:58]} g4 {[%clk 00:00:34]} {[%emt 00:01:02]} 32. Rc7
{[%clk 00:02:16]} {[%emt 00:00:11]} gxf3 {[%clk 00:00:38]} {[%emt 00:00:27]}
33. Rxe7+ {[%clk 00:02:41]} {[%emt 00:00:04]} Bf7 {[%clk 00:00:59]} {[%emt
00:00:10]} 34. Rxb7 {[%emt 00:00:08]} Rc8 {[%clk 00:00:36]} {[%emt 00:00:51]}
35. Kf2 {[%clk 00:03:31]} {[%emt 00:00:03]} Rc4 {[%clk 00:00:32]} {[%emt
00:00:35]} 36. Bxa7 {[%clk 00:03:33]} {[%emt 00:00:27]} Re4 {[%clk 00:00:54]}
{[%emt 00:00:09]} 37. Kxf3 {[%clk 00:03:50]} {[%emt 00:00:14]} Kg6 {[%clk
00:01:19]} {[%emt 00:00:05]} 38. Bb8 {[%clk 00:03:23]} {[%emt 00:00:55]} Be8
{[%clk 00:01:37]} {[%emt 00:00:13]} 39. Re7 {[%clk 00:02:57]} {[%emt 00:00:55]}
Bf7 {[%clk 00:02:04]} {[%emt 00:00:04]} 40. Rb7 {[%clk 00:03:17]} {[%emt
00:00:09]} Be8 {[%clk 00:02:19]} {[%emt 00:00:16]} 41. Re7 {[%clk 00:24:16]}
{[%emt 00:09:31]} Bf7 {[%clk 00:32:36]} {[%emt 00:00:13]} 42. b3 {[%clk
00:24:38]} {[%emt 00:00:07]} Re1 {[%clk 00:31:49]} {[%emt 00:01:18]} 43. a4
{[%clk 00:23:22]} {[%emt 00:01:46]} Rb1 {[%clk 00:31:12]} {[%emt 00:01:07]} 44.
Rb7 {[%clk 00:23:00]} {[%emt 00:00:50]} Be8 {[%clk 00:31:05]} {[%emt 00:00:38]}
45. a5 {[%clk 00:21:44]} {[%emt 00:01:45]} Kf5 {[%clk 00:28:52]} {[%emt
00:02:45]} 46. Ke3 {[%emt 00:08:33]} Bc6 {[%clk 00:26:27]} 47. Rb6 {[%clk
00:16:34]} {[%emt 00:00:31]} Ba8 {[%clk 00:25:33]} {[%emt 00:01:24]} 48. b4
{[%clk 00:16:12]} {[%emt 00:00:52]} Re1+ {[%clk 00:25:41]} {[%emt 00:00:23]}
49. Kd4 {[%emt 00:00:42]} Re4+ {[%clk 00:25:50]} {[%emt 00:00:13]} 50. Kd3
{[%clk 00:15:55]} {[%emt 00:00:42]} Kg4 {[%clk 00:25:47]} {[%emt 00:00:34]} 51.
b5 {[%clk 00:15:21]} {[%emt 00:01:03]} Kf3 {[%clk 00:25:44]} {[%emt 00:00:33]}
52. Rxe6 {[%clk 00:14:21]} {[%emt 00:01:30]} Re3+ {[%clk 00:26:06]} {[%emt
00:00:09]} 53. Kd2 {[%clk 00:09:11]} {[%emt 00:05:39]} Re2+ {[%clk 00:25:13]}
{[%emt 00:01:24]} 54. Kd1 {[%clk 00:09:35]} {[%emt 00:00:05]} Ke3 {[%clk
00:25:03]} {[%emt 00:00:40]} 55. Rf6 {[%clk 00:06:01]} {[%emt 00:04:05]} d4
{[%clk 00:24:26]} {[%emt 00:01:06]} 56. Ba7 {[%clk 00:06:20]} {[%emt 00:00:11]}
Rd2+ {[%clk 00:14:06]} {[%emt 00:10:51]} 57. Kc1 {[%clk 00:06:42]} {[%emt
00:00:08]} Be4 {[%clk 00:14:17]} {[%emt 00:00:18]} 58. e6 {[%clk 00:01:55]}
{[%emt 00:05:18]} Rc2+ {[%clk 00:13:28]} {[%emt 00:01:18]} 59. Kd1 {[%clk
00:02:20]} {[%emt 00:00:05]} Rd2+ {[%clk 00:12:52]} {[%emt 00:01:06]} 1/2-1/2

[Event "DVM U20 2021"]
[Site "Kiel GER"]
[Date "2022.07.25"]
[Round "5"]
[White "Mooser, Nicolas"]
[Black "Koll, Lukas"]
[Result "1-0"]
[Termination "normal"]
[Board "3.1"]
[WhiteElo "2025"]
[BlackElo "2060"]
[WhiteClock "00:25:09"]
[BlackClock "00:20:19"]
[WhiteTeam "FC Ergolding 1932 e.V."]
[BlackTeam "Karlsruher SF 1853"]
[PlyCount "87"]
[WhiteFideId "12979406"]
[BlackFideId "12969737"]
[EventCountry "GER"]
[EventRounds "7"]
[EventType "team-swiss"]
[EventDate "2022.07.22"]

1. d4 {[%clk 01:30:57]} {[%emt 00:00:04]} d5 {[%clk 01:30:55]} {[%emt
00:00:04]} 2. c4 {[%clk 01:31:22]} {[%emt 00:00:04]} e6 {[%clk 01:31:22]}
{[%emt 00:00:03]} 3. g3 {[%clk 01:31:46]} {[%emt 00:00:06]} Nf6 {[%clk
01:31:48]} {[%emt 00:00:04]} 4. Nf3 {[%clk 01:32:04]} {[%emt 00:00:12]} Be7
{[%clk 01:32:14]} {[%emt 00:00:05]} 5. Bg2 {[%clk 01:32:29]} {[%emt 00:00:05]}
O-O {[%clk 01:32:40]} {[%emt 00:00:04]} 6. O-O {[%clk 01:32:51]} {[%emt
00:00:07]} dxc4 {[%clk 01:32:44]} {[%emt 00:00:27]} 7. Qc2 {[%clk 01:33:04]}
{[%emt 00:00:17]} a6 {[%clk 01:33:05]} {[%emt 00:00:09]} 8. a4 {[%clk
01:33:29]} {[%emt 00:00:05]} Bd7 {[%clk 01:33:12]} {[%emt 00:00:24]} 9. Rd1
{[%clk 01:32:28]} {[%emt 00:01:29]} Bc6 {[%clk 01:24:36]} {[%emt 00:09:06]} 10.
Nc3 {[%clk 01:30:38]} {[%emt 00:02:20]} a5 {[%clk 01:21:37]} {[%emt 00:03:30]}
11. e4 {[%clk 01:25:17]} {[%emt 00:05:51]} Na6 {[%clk 01:19:23]} {[%emt
00:02:44]} 12. Ne5 {[%clk 01:23:20]} {[%emt 00:02:26]} Be8 {[%clk 01:06:36]}
{[%emt 00:13:18]} 13. Nxc4 {[%clk 01:18:46]} {[%emt 00:05:03]} Nb4 {[%clk
01:03:27]} {[%emt 00:03:40]} 14. Qe2 {[%clk 01:17:43]} {[%emt 00:01:31]} c6
{[%clk 00:50:12]} {[%emt 00:13:46]} 15. Ne3 {[%clk 00:55:55]} {[%emt 00:22:18]}
Qc7 {[%clk 00:46:41]} {[%emt 00:03:59]} 16. Bd2 {[%clk 00:49:31]} {[%emt
00:06:56]} Rd8 {[%clk 00:42:52]} {[%emt 00:04:20]} 17. Be1 {[%clk 00:47:27]}
{[%emt 00:02:33]} Bd7 {[%clk 00:37:38]} {[%emt 00:05:44]} 18. Rac1 {[%clk
00:43:30]} {[%emt 00:04:26]} Bc8 {[%clk 00:37:16]} {[%emt 00:00:53]} 19. d5
{[%clk 00:36:39]} {[%emt 00:07:22]} Bc5 {[%clk 00:33:25]} {[%emt 00:04:21]} 20.
dxc6 {[%clk 00:31:08]} {[%emt 00:06:00]} bxc6 {[%clk 00:31:52]} {[%emt
00:02:04]} 21. Nc2 {[%clk 00:28:14]} {[%emt 00:03:23]} Ba6 {[%clk 00:25:27]}
{[%emt 00:06:55]} 22. Qf3 {[%clk 00:27:34]} {[%emt 00:01:09]} Nd3 {[%clk
00:15:35]} {[%emt 00:10:24]} 23. Rb1 {[%clk 00:27:36]} {[%emt 00:00:27]} Rd7
{[%clk 00:10:04]} {[%emt 00:06:01]} 24. Bf1 {[%clk 00:23:52]} {[%emt 00:04:13]}
Nxe1 {[%clk 00:08:11]} {[%emt 00:02:24]} 25. Nxe1 {[%clk 00:22:35]} {[%emt
00:01:46]} Bxf1 {[%clk 00:08:00]} {[%emt 00:00:42]} 26. Kxf1 {[%clk 00:23:00]}
{[%emt 00:00:04]} Rfd8 {[%clk 00:07:49]} {[%emt 00:00:42]} 27. Nd3 {[%clk
00:18:31]} {[%emt 00:04:59]} Bd4 {[%clk 00:06:15]} {[%emt 00:02:04]} 28. Rbc1
{[%clk 00:17:14]} {[%emt 00:01:46]} e5 {[%clk 00:04:03]} {[%emt 00:02:43]} 29.
Nb5 {[%clk 00:13:38]} {[%emt 00:04:06]} Qb6 {[%clk 00:04:11]} {[%emt 00:00:21]}
30. Nxd4 {[%clk 00:14:03]} {[%emt 00:00:06]} Qxd4 {[%clk 00:04:25]} {[%emt
00:00:17]} 31. Nc5 {[%clk 00:07:10]} {[%emt 00:07:23]} Qxd1+ {[%clk 00:04:49]}
{[%emt 00:00:05]} 32. Rxd1 {[%clk 00:07:34]} {[%emt 00:00:06]} Rxd1+ {[%clk
00:05:17]} {[%emt 00:00:02]} 33. Kg2 {[%clk 00:07:56]} {[%emt 00:00:07]} h6
{[%clk 00:04:58]} {[%emt 00:00:50]} 34. Nb7 {[%clk 00:08:05]} {[%emt 00:00:22]}
R8d4 {[%clk 00:04:52]} {[%emt 00:00:34]} 35. Nxa5 {[%clk 00:08:05]} {[%emt
00:00:31]} Rb1 {[%clk 00:04:14]} {[%emt 00:01:04]} 36. Nxc6 {[%clk 00:07:44]}
{[%emt 00:00:55]} Rd2 {[%clk 00:02:36]} {[%emt 00:02:08]} 37. Nxe5 {[%clk
00:06:27]} {[%emt 00:01:47]} Rbxb2 {[%clk 00:01:58]} {[%emt 00:01:08]} 38. Nc4
{[%clk 00:05:24]} {[%emt 00:01:33]} Rxf2+ {[%clk 00:02:23]} {[%emt 00:00:06]}
39. Qxf2 {[%clk 00:05:48]} {[%emt 00:00:05]} Rxf2+ {[%clk 00:02:50]} {[%emt
00:00:03]} 40. Kxf2 {[%clk 00:06:13]} {[%emt 00:00:05]} Nxe4+ {[%clk 00:03:18]}
{[%emt 00:00:02]} 41. Ke3 {[%clk 00:05:55]} {[%emt 00:00:47]} Nc5 {[%clk
00:03:31]} {[%emt 00:00:17]} 42. a5 {[%clk 00:06:11]} {[%emt 00:00:15]} Na6
{[%clk 00:25:24]} {[%emt 00:08:37]} 43. Kd4 {[%clk 00:35:50]} {[%emt 00:00:51]}
f5 {[%clk 00:20:19]} {[%emt 00:05:36]} 44. Ke5 {[%clk 00:25:09]} {[%emt
00:11:10]} 1-0

[Event "DVM U20 2021"]
[Site "Kiel GER"]
[Date "2022.07.25"]
[Round "5"]
[White "Fidlin, Simon"]
[Black "Lohr, Maximilian"]
[Result "1-0"]
[Termination "normal"]
[Board "3.2"]
[WhiteElo "2013"]
[BlackElo "2092"]
[WhiteClock "00:57:58"]
[BlackClock "00:53:38"]
[WhiteTeam "Karlsruher SF 1853"]
[BlackTeam "FC Ergolding 1932 e.V."]
[PlyCount "49"]
[WhiteFideId "16217535"]
[BlackFideId "12999717"]
[EventCountry "GER"]
[EventRounds "7"]
[EventType "team-swiss"]
[EventDate "2022.07.22"]

1. e4 {[%clk 01:30:54]} {[%emt 00:00:02]} e5 {[%clk 01:30:55]} {[%emt
00:00:07]} 2. Nf3 {[%clk 01:31:18]} {[%emt 00:00:05]} Nf6 {[%clk 01:31:21]}
{[%emt 00:00:04]} 3. d4 {[%clk 01:31:41]} {[%emt 00:00:07]} Nxe4 {[%clk
01:31:46]} {[%emt 00:00:05]} 4. Bd3 {[%clk 01:32:06]} {[%emt 00:00:06]} d5
{[%clk 01:32:06]} {[%emt 00:00:10]} 5. Nxe5 {[%clk 01:32:08]} {[%emt 00:00:27]}
Bd6 {[%clk 01:32:27]} {[%emt 00:00:09]} 6. O-O {[%clk 01:32:09]} {[%emt
00:00:29]} Nd7 {[%clk 01:32:27]} {[%emt 00:00:31]} 7. Nxd7 {[%clk 01:30:29]}
{[%emt 00:02:09]} Qxd7 {[%clk 01:32:12]} {[%emt 00:00:45]} 8. c4 {[%clk
01:29:24]} {[%emt 00:01:36]} c6 {[%clk 01:25:42]} {[%emt 00:07:00]} 9. Nc3
{[%clk 01:27:02]} {[%emt 00:02:52]} Nxc3 {[%clk 01:24:56]} {[%emt 00:01:16]}
10. bxc3 {[%clk 01:27:24]} {[%emt 00:00:07]} O-O {[%clk 01:24:43]} {[%emt
00:00:43]} 11. Rb1 {[%clk 01:19:44]} {[%emt 00:08:11]} dxc4 {[%clk 01:14:34]}
{[%emt 00:10:39]} 12. Bxc4 {[%clk 01:19:18]} {[%emt 00:00:56]} Qf5 {[%clk
01:14:57]} {[%emt 00:00:06]} 13. Bd3 {[%clk 01:18:52]} {[%emt 00:00:56]} Qf6
{[%clk 01:15:13]} {[%emt 00:00:14]} 14. Qh5 {[%clk 01:17:34]} {[%emt 00:01:49]}
g6 {[%clk 01:10:53]} {[%emt 00:04:50]} 15. Qh6 {[%clk 01:16:57]} {[%emt
00:01:05]} Rb8 {[%clk 01:04:11]} {[%emt 00:07:13]} 16. Bg5 {[%clk 01:16:04]}
{[%emt 00:01:23]} Qg7 {[%clk 01:04:38]} {[%emt 00:00:04]} 17. Qh4 {[%clk
01:16:13]} {[%emt 00:00:20]} Re8 {[%clk 01:05:01]} {[%emt 00:00:07]} 18. Bh6
{[%clk 01:12:34]} {[%emt 00:04:09]} Qh8 {[%clk 01:04:53]} {[%emt 00:00:38]} 19.
f4 {[%clk 01:01:36]} {[%emt 00:11:28]} f5 {[%clk 00:53:58]} {[%emt 00:11:26]}
20. Bc4+ {[%clk 01:00:17]} {[%emt 00:01:49]} Be6 {[%clk 00:52:32]} {[%emt
00:01:56]} 21. Bxe6+ {[%clk 01:00:38]} {[%emt 00:00:09]} Rxe6 {[%clk 00:52:59]}
{[%emt 00:00:02]} 22. Rxb7 {[%clk 01:00:54]} {[%emt 00:00:14]} Qf6 {[%clk
00:53:19]} {[%emt 00:00:11]} 23. Bg5 {[%clk 00:59:05]} {[%emt 00:02:19]} Rxb7
{[%clk 00:53:13]} {[%emt 00:00:36]} 24. Bxf6 {[%clk 00:59:27]} {[%emt
00:00:08]} Re2 {[%clk 00:53:38]} {[%emt 00:00:04]} 25. Re1 {[%clk 00:57:58]}
{[%emt 00:02:00]} 1-0

[Event "DVM U20 2021"]
[Site "Kiel GER"]
[Date "2022.07.25"]
[Round "5"]
[White "Lichtmannecker, Daniel"]
[Black "Wegmer, Leon"]
[Result "1/2-1/2"]
[Termination "normal"]
[Board "3.3"]
[WhiteElo "2013"]
[BlackElo "1912"]
[WhiteClock "00:10:08"]
[BlackClock "00:39:35"]
[WhiteTeam "FC Ergolding 1932 e.V."]
[BlackTeam "Karlsruher SF 1853"]
[PlyCount "111"]
[WhiteFideId "12979414"]
[BlackFideId "12983748"]
[EventCountry "GER"]
[EventRounds "7"]
[EventType "team-swiss"]
[EventDate "2022.07.22"]

1. e4 {[%clk 01:30:48]} {[%emt 00:00:12]} c5 {[%clk 01:30:56]} {[%emt
00:00:04]} 2. Nf3 {[%clk 01:31:13]} {[%emt 00:00:05]} Nc6 {[%clk 01:31:22]}
{[%emt 00:00:04]} 3. Bb5 {[%clk 01:31:36]} {[%emt 00:00:07]} e6 {[%clk
01:31:46]} {[%emt 00:00:05]} 4. O-O {[%clk 01:31:25]} {[%emt 00:00:41]} Nge7
{[%clk 01:31:45]} {[%emt 00:00:32]} 5. Re1 {[%clk 01:30:40]} {[%emt 00:01:15]}
a6 {[%clk 01:31:54]} {[%emt 00:00:21]} 6. Bf1 {[%clk 01:30:37]} {[%emt
00:00:34]} d5 {[%clk 01:30:51]} {[%emt 00:01:32]} 7. exd5 {[%clk 01:29:49]}
{[%emt 00:01:18]} Nxd5 {[%clk 01:31:14]} {[%emt 00:00:07]} 8. d4 {[%clk
01:28:22]} {[%emt 00:01:57]} cxd4 {[%clk 01:29:48]} {[%emt 00:01:56]} 9. Nxd4
{[%clk 01:28:00]} {[%emt 00:00:51]} Bc5 {[%clk 01:28:26]} {[%emt 00:01:52]} 10.
Nxc6 {[%clk 01:18:11]} {[%emt 00:10:20]} bxc6 {[%clk 01:28:50]} {[%emt
00:00:06]} 11. Qf3 {[%clk 01:11:50]} {[%emt 00:06:50]} O-O {[%clk 01:22:35]}
{[%emt 00:06:45]} 12. Bd3 {[%clk 01:07:17]} {[%emt 00:05:03]} Qb6 {[%clk
01:09:43]} {[%emt 00:13:22]} 13. a3 {[%clk 00:54:34]} {[%emt 00:13:14]} a5
{[%clk 01:02:17]} {[%emt 00:07:57]} 14. Nd2 {[%clk 00:54:03]} {[%emt 00:01:00]}
Ba6 {[%clk 00:59:31]} {[%emt 00:03:15]} 15. Nc4 {[%clk 00:52:55]} {[%emt
00:01:38]} Bxc4 {[%clk 00:57:54]} {[%emt 00:02:08]} 16. Bxc4 {[%emt 00:01:24]}
Rad8 {[%clk 00:57:09]} 17. Bd3 {[%clk 00:43:50]} {[%emt 00:09:56]} Rd7 {[%clk
00:53:24]} {[%emt 00:04:14]} 18. Re4 {[%clk 00:40:24]} {[%emt 00:03:57]} Ne7
{[%clk 00:47:54]} {[%emt 00:05:59]} 19. Rh4 {[%clk 00:35:18]} {[%emt 00:05:37]}
Ng6 {[%clk 00:46:59]} {[%emt 00:01:24]} 20. Rh3 {[%clk 00:34:23]} {[%emt
00:01:25]} Rd5 {[%clk 00:45:52]} {[%emt 00:01:37]} 21. c4 {[%clk 00:28:31]}
{[%emt 00:06:22]} Rd4 {[%clk 00:41:17]} {[%emt 00:05:06]} 22. b4 {[%clk
00:04:21]} {[%emt 00:24:40]} axb4 {[%clk 00:39:13]} {[%emt 00:02:34]} 23. Rb1
{[%clk 00:03:59]} {[%emt 00:00:51]} Rfd8 {[%clk 00:36:18]} {[%emt 00:03:25]}
24. Qe2 {[%clk 00:03:39]} {[%emt 00:00:50]} b3 {[%clk 00:31:42]} {[%emt
00:05:06]} 25. Be3 {[%clk 00:03:11]} {[%emt 00:00:58]} Nf4 {[%clk 00:25:31]}
{[%emt 00:06:41]} 26. Bxf4 {[%clk 00:03:37]} {[%emt 00:00:04]} Rxf4 {[%clk
00:25:56]} {[%emt 00:00:05]} 27. Bxh7+ {[%clk 00:03:42]} {[%emt 00:00:25]} Kf8
{[%clk 00:26:20]} {[%emt 00:00:06]} 28. Rf3 {[%clk 00:03:15]} {[%emt 00:00:58]}
Rxf3 {[%clk 00:26:28]} {[%emt 00:00:22]} 29. Qxf3 {[%clk 00:03:26]} {[%emt
00:00:18]} b2 {[%clk 00:25:01]} {[%emt 00:01:57]} 30. Bg6 {[%clk 00:03:31]}
{[%emt 00:00:24]} Rd7 {[%clk 00:24:32]} {[%emt 00:00:58]} 31. Bh5 {[%clk
00:03:09]} {[%emt 00:00:54]} Ra7 {[%clk 00:21:57]} {[%emt 00:03:05]} 32. g3
{[%clk 00:02:05]} {[%emt 00:01:34]} Bxa3 {[%clk 00:21:09]} {[%emt 00:01:19]}
33. Bxf7 {[%clk 00:02:21]} {[%emt 00:00:13]} Be7 {[%clk 00:15:52]} {[%emt
00:05:46]} 34. Bxe6+ {[%clk 00:02:40]} {[%emt 00:00:11]} Bf6 {[%clk 00:16:20]}
{[%emt 00:00:03]} 35. Qh5 {[%clk 00:01:56]} {[%emt 00:01:14]} Qd8 {[%clk
00:14:55]} {[%emt 00:01:54]} 36. Qc5+ {[%clk 00:01:04]} {[%emt 00:01:23]} Re7
{[%clk 00:15:11]} {[%emt 00:00:14]} 37. Qxc6 {[%clk 00:01:03]} {[%emt
00:00:31]} Qd3 {[%clk 00:13:38]} {[%emt 00:02:03]} 38. Qc8+ {[%clk 00:01:27]}
{[%emt 00:00:06]} Re8 {[%clk 00:13:57]} {[%emt 00:00:10]} 39. Qc5+ {[%clk
00:01:46]} {[%emt 00:00:12]} Be7 {[%clk 00:12:21]} {[%emt 00:02:06]} 40. Qf5+
{[%clk 00:02:01]} {[%emt 00:00:15]} Qxf5 {[%clk 00:12:47]} {[%emt 00:00:04]}
41. Bxf5 {[%clk 00:02:25]} {[%emt 00:00:06]} Bf6 {[%clk 00:13:03]} {[%emt
00:00:15]} 42. Kf1 {[%clk 00:26:06]} {[%emt 00:06:48]} Ra8 {[%clk 00:40:20]}
{[%emt 00:03:11]} 43. Re1 {[%clk 00:22:12]} {[%emt 00:04:26]} Ra1 {[%clk
00:39:18]} {[%emt 00:01:32]} 44. Bb1 {[%clk 00:21:46]} {[%emt 00:00:56]} Ra4
{[%clk 00:39:40]} {[%emt 00:00:08]} 45. Bg6 {[%clk 00:20:00]} {[%emt 00:02:17]}
Ra1 {[%clk 00:39:58]} {[%emt 00:00:12]} 46. Bb1 {[%clk 00:20:25]} {[%emt
00:00:05]} Ra4 {[%clk 00:40:23]} {[%emt 00:00:04]} 47. Bd3 {[%clk 00:19:51]}
{[%emt 00:01:03]} Ra1 {[%clk 00:40:49]} {[%emt 00:00:05]} 48. h4 {[%clk
00:19:18]} {[%emt 00:01:03]} Rc1 {[%clk 00:41:00]} {[%emt 00:00:18]} 49. Ke2
{[%clk 00:18:00]} {[%emt 00:01:48]} Bc3 {[%clk 00:40:53]} {[%emt 00:00:37]} 50.
Rd1 {[%clk 00:18:12]} {[%emt 00:00:18]} Ke7 {[%clk 00:40:51]} {[%emt 00:00:32]}
51. Bb1 {[%clk 00:13:37]} {[%emt 00:05:06]} Bf6 {[%clk 00:38:19]} {[%emt
00:03:01]} 52. Ba2 {[%clk 00:12:25]} {[%emt 00:01:43]} Rc2+ {[%clk 00:38:23]}
{[%emt 00:00:25]} 53. Rd2 {[%clk 00:10:18]} {[%emt 00:02:38]} Rc1 {[%clk
00:38:43]} {[%emt 00:00:09]} 54. Rd1 {[%clk 00:10:39]} {[%emt 00:00:09]} Rc2+
{[%clk 00:39:10]} {[%emt 00:00:04]} 55. Rd2 {[%clk 00:10:19]} {[%emt 00:00:50]}
Rc1 {[%clk 00:39:35]} {[%emt 00:00:05]} 56. Rd1 {[%clk 00:10:08]} {[%emt
00:00:05]} 1/2-1/2

[Event "DVM U20 2021"]
[Site "Kiel GER"]
[Date "2022.07.25"]
[Round "5"]
[White "Wang, Xinyuan"]
[Black "Astner, Sebastian"]
[Result "0-1"]
[Termination "normal"]
[Board "3.4"]
[WhiteElo "1875"]
[BlackElo "1888"]
[WhiteClock "00:16:49"]
[BlackClock "00:35:16"]
[WhiteTeam "Karlsruher SF 1853"]
[BlackTeam "FC Ergolding 1932 e.V."]
[PlyCount "42"]
[WhiteFideId "16221494"]
[BlackFideId "12979422"]
[EventCountry "GER"]
[EventRounds "7"]
[EventType "team-swiss"]
[EventDate "2022.07.22"]

1. d4 {[%clk 01:30:59]} b6 {[%clk 01:30:36]} {[%emt 00:00:25]} 2. c4 {[%clk
01:31:18]} {[%emt 00:00:11]} e6 {[%clk 01:30:56]} {[%emt 00:00:10]} 3. Nc3
{[%clk 01:31:35]} {[%emt 00:00:13]} Bb7 {[%clk 01:31:17]} {[%emt 00:00:09]} 4.
Qc2 {[%clk 01:31:52]} {[%emt 00:00:13]} Nf6 {[%clk 01:31:27]} {[%emt 00:00:20]}
5. Bg5 {[%clk 01:32:12]} {[%emt 00:00:11]} Be7 {[%clk 01:31:11]} {[%emt
00:00:45]} 6. f3 {[%clk 01:29:47]} {[%emt 00:02:55]} d5 {[%clk 01:28:41]}
{[%emt 00:02:59]} 7. e3 {[%clk 01:28:34]} {[%emt 00:01:44]} c5 {[%clk
01:26:42]} {[%emt 00:02:29]} 8. dxc5 {[%clk 01:25:54]} {[%emt 00:03:09]} bxc5
{[%clk 01:21:27]} {[%emt 00:05:45]} 9. cxd5 {[%clk 01:24:36]} {[%emt 00:01:48]}
Nxd5 {[%clk 01:08:46]} {[%emt 00:13:11]} 10. Bxe7 {[%clk 00:52:04]} {[%emt
00:33:03]} Qxe7 {[%clk 01:08:34]} {[%emt 00:00:42]} 11. Bb5+ {[%clk 00:48:36]}
{[%emt 00:03:57]} Nc6 {[%clk 01:00:52]} {[%emt 00:08:12]} 12. Nxd5 {[%clk
00:42:25]} {[%emt 00:06:41]} exd5 {[%clk 01:00:34]} {[%emt 00:00:49]} 13. Bxc6+
{[%clk 00:42:48]} {[%emt 00:00:07]} Bxc6 {[%clk 01:00:54]} {[%emt 00:00:10]}
14. Kf2 {[%clk 00:43:14]} {[%emt 00:00:04]} O-O {[%clk 00:55:36]} {[%emt
00:05:48]} 15. Rc1 {[%clk 00:38:24]} {[%emt 00:05:20]} d4 {[%clk 00:47:29]}
{[%emt 00:08:37]} 16. e4 {[%clk 00:30:14]} {[%emt 00:08:39]} Qg5 {[%clk
00:44:00]} {[%emt 00:03:59]} 17. Qxc5 {[%clk 00:23:04]} {[%emt 00:07:40]} Qe3+
{[%emt 00:02:25]} 18. Kg3 {[%clk 00:23:11]} {[%emt 00:00:22]} Rac8 {[%clk
00:39:59]} {[%emt 00:02:37]} 19. Rc4 {[%clk 00:23:10]} {[%emt 00:00:32]} Qe1+
{[%clk 00:36:40]} {[%emt 00:03:48]} 20. Kf4 {[%clk 00:23:31]} {[%emt 00:00:09]}
d3 {[%clk 00:36:44]} {[%emt 00:00:26]} 21. Qd6 {[%clk 00:16:49]} {[%emt
00:07:13]} Rcd8 {[%clk 00:35:16]} {[%emt 00:01:58]} 0-1